00305nam a2200121Ia 4500008004100000041000800041082001600049100002200065245003600087260003800123300001100161365001100172240624s9999 xx 000 0 und d aeng a891.46 KUL  aKULKARNI SHARAD V aSRIRAMKRISHNA PARAMHANS MARATHI c2012aKolhapurbRiya Publications a192 p. cRSb25